书目信息 |
| 题名: |
中国对虾养殖新技术
|
|
| 作者: | 纪成林 , 张光辉 编著 | |
| 分册: | ||
| 出版信息: | 北京 金盾出版社 1989.03 |
|
| 页数: | 153页 | |
| 开本: | 19cm | |
| 丛书名: | ||
| 单 册: | ||
| 中图分类: | S966.12 | |
| 科图分类: | ||
| 主题词: | 水产养殖--技术 | |
| 电子资源: | ||
| ISBN: | 7-80022-107-5 | |
| 000 | 00634nam0 2200205 450 | |
| 001 | 0732216606 | |
| 005 | 20071127090131.83 | |
| 010 | @a7-80022-107-5@dCNY3.90 | |
| 100 | @a20071127d1989 km y0chiy0120 ea | |
| 101 | 0 | @achi |
| 102 | @aCN@b110000 | |
| 200 | 1 | @a中国对虾养殖新技术@Azhong guo dui xia yang zhi xin ji shu@f纪成林,张光辉编著@Fji cheng lin,zhang guang hui bian zhu |
| 210 | @a北京@c金盾出版社@d1989.03 | |
| 215 | @a153页@d19cm | |
| 606 | 0 | @a水产养殖@x技术 |
| 690 | @aS966.12@v4 | |
| 701 | 0 | @a纪成林@Aji cheng lin@4编著 |
| 701 | 0 | @a张光辉@Azhang guang hui@4编著 |
| 801 | 0 | @aCN@bPFT@c20071127 |
| 905 | @aBZT@dS966.12@e42 | |
| 中国对虾养殖新技术/纪成林,张光辉编著.-北京:金盾出版社,1989.03 |
| 153页;19cm |
| ISBN 7-80022-107-5:CNY3.90 |
| ● |
| 相关链接 |
|
|
|
正题名:中国对虾养殖新技术
索取号:S966.12/42
 
预约/预借
| 序号 | 登录号 | 条形码 | 馆藏地/架位号 | 状态 | 备注 |
| 1 | 057602 | 200845782 | 中心书库中库/ 中库031架A面7列6层8/ [索取号:S966.12/42] | 在馆 | |
| 2 | 057603 | 200845817 | 中心书库中库/ 中库031架A面7列6层6/ [索取号:S966.12/42] | 在馆 | |
| 3 | 057604 | 200845808 | 中心书库中库/ 中库031架A面7列6层7/ [索取号:S966.12/42] | 在馆 | |
| 4 | 057605 | 200845835 | 中心书库中库/ 中库031架A面7列6层35/ [索取号:S966.12/42] | 在馆 | |
| 5 | 057606 | 200845826 | 中心书库中库/ 中库031架A面7列6层5/ [索取号:S966.12/42] | 在馆 | |
| 6 | 068582 | 200845657 | 中心书库中库/ 中库031架A面7列6层19/ [索取号:S966.12/42] | 在馆 | |
| 7 | 068583 | 200845648 | 中心书库中库/ 中库031架A面7列6层20/ [索取号:S966.12/42] | 在馆 | |
| 8 | 068584 | 200845675 | 中心书库中库/ 中库031架A面7列6层16/ [索取号:S966.12/42] | 在馆 | |
| 9 | 068585 | 200845666 | 中心书库中库/ 中库031架A面7列6层17/ [索取号:S966.12/42] | 在馆 | |
| 10 | 068586 | 200845693 | 中心书库中库/ 中库031架A面7列6层12/ [索取号:S966.12/42] | 在馆 | |
| 11 | 068587 | 200845684 | 中心书库中库/ 中库031架A面7列6层13/ [索取号:S966.12/42] | 在馆 | |
| 12 | 068588 | 200845719 | 中心书库中库/ 中库031架A面7列6层15/ [索取号:S966.12/42] | 在馆 | |
| 13 | 068589 | 200845700 | 中心书库中库/ 中库031架A面7列6层34/ [索取号:S966.12/42] | 在馆 | |
| 14 | 068590 | 200845737 | 中心书库中库/ 中库031架A面7列6层42/ [索取号:S966.12/42] | 在馆 | |
| 15 | 068591 | 200845728 | 中心书库中库/ 中库031架A面7列6层43/ [索取号:S966.12/42] | 在馆 | |
| 16 | 105111 | 200845755 | 中心书库中库/ 中库031架A面7列6层21/ [索取号:S966.12/42] | 在馆 | |
| 17 | 105112 | 200845746 | 中心书库中库/ 中库031架A面7列6层44/ [索取号:S966.12/42] | 在馆 | |
| 18 | 105113 | 200845773 | 中心书库中库/ 中库031架A面7列6层22/ [索取号:S966.12/42] | 在馆 | |
| 19 | 105114 | 200845764 | 中心书库中库/ 中库031架A面7列6层23/ [索取号:S966.12/42] | 在馆 | |
| 20 | 105115 | 200845791 | 中心书库中库/ 中库031架A面7列6层18/ [索取号:S966.12/42] | 在馆 |